Music Quiz

Random Music or Song Quiz

1990's One Hit Wonders Quiz Stats

Quiz not verified by Sporcle

Challenge
Share
Tweet
Embed
Score 0/31 Timer 04:00
0 Plays Today
Song Artist % Correct
MmmBopHanson
92.7%
Achy Breaky HeartBilly Ray Cyrus
90.6%
I'm Too SexyRight Said Fred
81.4%
Baby Got BackSir Mix A Lot
75.8%
Bittersweet SymphonyThe Verve
75.5%
Mambo No. 5Lou Bega
75.2%
No RainBlind Melon
69.4%
I'm Gonna Be (500 Miles)The Proclaimers
68.8%
Jump AroundHouse of Pain
62.9%
Mmm Mmm Mmm MmmCrash Test Dummies
62.6%
BitchMeredith Brooks
61.5%
Two PrincesSpin Doctors
58.1%
Breakfast At Tiffany'sDeep Blue Something
57.5%
TubthumpingChumbawamba
56.7%
Closing TimeSemisonic
55.4%
Love FoolThe Cardigans
53.3%
Song Artist % Correct
MacarenaLos del Rio
50.8%
You Get What You GiveNew Radicals
50.8%
I Touch MyselfDivinyls
49.4%
UnbelievableEMF
49.4%
What's Up?4 Non Blondes
46.5%
How BizarreOMC
44.7%
Whoomp! There It IsTag Team
42%
Walking In MemphisMarc Cohn
37.7%
Life Is A HighwayTom Cochrane
32.5%
Groove Is In The HeartDeee Lite
31.8%
Black VelvetAlannah Myles
27.1%
Possum KingdomThe Toadies
23.2%
Cantaloop (Flip Fantasia)US3
20.1%
Rump ShakerWreckx N Effect
14%
Baby, I Love Your WayBig Mountain
12.1%

You're not logged in!

Compare scores with friends on all Sporcle quizzes.
Join for Free
OR
Log In

You Might Also Like...

Show Comments

Extras

Top Quizzes Today


Score Distribution

Your Account Isn't Verified!

In order to create a playlist on Sporcle, you need to verify the email address you used during registration. Go to your Sporcle Settings to finish the process.

Report this User

Report this user for behavior that violates our Community Guidelines.

Details: